| 000 | 01757nam0a22003251 4500 | ||
|---|---|---|---|
| 001 | RU\INFOCOMM_322\NLR\5000230664 | ||
| 005 | 20250613112239.0 | ||
| 035 | _a(NLR Aleph) 009606985 | ||
| 090 |
_a9347183 _c9347183 |
||
| 100 | _a20130314d1976 |||y0rusy50 ca | ||
| 101 | 0 |
_aeng _afre _geng |
|
| 102 | _aRU | ||
| 105 | _ay z ||||| | ||
| 200 | 1 | _aReport of the Organizing committee of the 1980 Olympic games in Moscow to the 78th Session of the International Olympic committee, Montreal, 15.07.76 | |
| 210 |
_a[M. _d1976] |
||
| 215 |
_a34, 34 л. встреч. паг. _cил. _d28 см |
||
| 300 | _aТекст 2-го произведения на фр. яз. | ||
| 309 | _a2-е произведение имеет самостоят. тит. л. и паг. | ||
| 423 | 0 |
_12001#$a[Rapport du Comité d'organisation des Jeux Olympiques de 1980 à Moscou à la 78 Session du Comité international olympique] _171012$aJeux Olympiques$bComité d'organisation$d22$eMoscou$f1980$4070 _t[Rapport du Comité d'organisation des Jeux Olympiques de 1980 à Moscou à la 78 Session du Comité international olympique] _aJeux Olympiques. Comité d'organisation (22 ; 1980 ; Moscou) |
|
| 601 | 1 | 2 |
_aЛетние олимпийские игры _d22 _eМосква, город _f1980 _xПодготовка и проведение _92605951 _3RU\NLR\AUTH\661542509 |
| 601 | 1 | 2 |
_aОлимпийские игры летние _d22 _f1980 _xПодготовка _eМосква _2nlr_sh1 |
| 620 | _aМосква | ||
| 686 |
_aч514(0)902(22-е) _2rubbk |
||
| 710 | 1 | 2 |
_aOlympic games _bOrganizing committee _d22 _eMoscow _f1980 _4070 |
| 801 | 1 |
_aRU _bInfocomm _c20130314 |
|
| 801 | 0 |
_aRU _bINFOCOMM _gPSBO |
|
| 852 |
_aNLR _jФк01 Д-7/70 |
||
| 942 | _cBOOK | ||
| 980 | _aNB | ||